000 00641nam a22001817a 4500
003 OSt
005 20251215082501.0
008 251215b |||||||| |||| 00| 0 eng d
040 _aDWCL-Main lib
_cOC
082 _aAv. 428.3461 Or74a
100 _aOrobia, Cecil Cylan Valde
245 _aAmerican accent studies made easy for filipinos
_cOrobia, Cecil Cylan Valde
260 _a[S.l.] :
_bAmerican Accent Studies Made Easy for Filipinos
300 _a162pages :
_billustration ;
_c27 cm. + 9 sound discs.
650 _21. English Language-Accent and Accentration
650 _22. English Language-Pronunciation.
942 _2ddc
_cTEST
_kAv.
_n0
999 _c7093
_d7093